Process industrial instruments and controls handbook
Saved in:
| Hovedforfatter: | |
|---|---|
| Andre forfattere: | |
| Format: | Bog |
| Sprog: | engelsk |
| Udgivet: |
Nueva York
McGraw-Hill
1999
|
| Udgivelse: | 5a. ed |
| Fag: | |
| Tags: |
Tilføj Tag
Ingen Tags, Vær først til at tagge denne postø!
|
MARC
| LEADER | 00000nam a2200000 a 4500 | ||
|---|---|---|---|
| 001 | UCK7626 | ||
| 003 | CL-VaPUC | ||
| 008 | 051202e19990000US |||||||||||||||||eng|d | ||
| 020 | |a 0070125821 | ||
| 082 | 0 | 4 | |a 629.8 |b MCM |2 21 |
| 100 | |a McMillan, Gregory K. |e autor |9 497136 | ||
| 700 | |a Constant, Benjamin |e autor |9 604951 | ||
| 245 | 1 | 0 | |a Process industrial instruments and controls handbook |
| 250 | |a 5a. ed | ||
| 300 | |a Pág. irreg | ||
| 942 | |c BK | ||
| 945 | |d 20051202 00:00:00 |a cmena | ||
| 260 | |a Nueva York |b McGraw-Hill |c 1999 | ||
| 650 | 0 | |a Sistemas de control |9 263596 | |
| 650 | 0 | |a Control automático |9 259890 | |
| 650 | 7 | |a CONTROLADORES |2 CL-VaPUC |9 463802 | |
| 650 | 0 | |a Robótica |9 263360 | |
| 650 | 0 | |a Automatización |9 299909 | |
| 583 | |a last modification |c 20051202 00:00:00 |k Rodrigo Vera | ||
| 999 | |c 315478 |d 315476 | ||
| 952 | |0 0 |1 0 |4 0 |6 629_800000000000000_MCM_1999 |7 0 |8 A |9 388776 |a BIBING |b BIBING |d 2019-11-22 |i 418890K |o 629.8 MCM 1999 |p 418890K |r 2025-01-20 |w 2019-11-22 |y BK |k EIQ | ||